| 000 | 00368nam a2200145Ia 4500 | ||
|---|---|---|---|
| 008 | 221030s9999 xx 000 0 und d | ||
| 020 | _a8131760772 | ||
| 041 | _aEnglish | ||
| 100 | _aS. Kandar | ||
| 245 | 0 |
_aAutomata Theory & formal Languages _cby S. Kandar |
|
| 260 |
_bPearson Edcuation _aNew Delhi _c2012 |
||
| 300 | _a360 | ||
| 650 | _aBE Computer | ||
| 942 | _cBK | ||
| 999 |
_c15377 _d15377 |
||